Control and spring emergence of the cotton flea hopper / (Record no. 202965)
[ view plain ]
| 000 -CABECERA | |
|---|---|
| campo de control de longitud fija | 00767nam a2200265Ia 4500 |
| 001 - NÚMERO DE CONTROL | |
| campo de control | Para_4484 |
| 003 - IDENTIFICADOR DEL NÚMERO DE CONTROL | |
| campo de control | CHAP |
| 008 - DATOS DE LONGITUD FIJA--INFORMACIÓN GENERAL | |
| campo de control de longitud fija | 220125s1927 xx 000 0 und d |
| 010 ## - NÚMERO DE CONTROL DE LA BIBLIOTECA DEL CONGRESO | |
| Número de control de LC | 202965 |
| 040 ## - FUENTE DE LA CATALOGACIÓN | |
| Centro/agencia transcriptor | CHAP |
| 090 ## - LOCALMENTE ASIGNADO TIPO-LC NÚMERO DE CLASIFICACIÓN (OCLC); NÚMERO DE CLASIFICACIÓN LOCAL (RLIN) | |
| Número de clasificación (OCLC) (R) ; Numero de clasificación, CALL (RLIN) (NR) | PA FOLLETO 1731 |
| 100 ## - ENTRADA PRINCIPAL--NOMBRE DE PERSONA | |
| Nombre de persona | Reinhard, H. J |
| 9 (RLIN) | 95778 |
| 245 ## - MENCIÓN DE TÍTULO | |
| Título | Control and spring emergence of the cotton flea hopper / |
| Mención de responsabilidad, etc. | H. J. Reinhard |
| 260 ## - PUBLICACIÓN, DISTRIBUCIÓN, ETC. | |
| Lugar de publicación, distribución, etc. | Bryan, Texas : |
| Nombre del editor, distribuidor, etc. | Agricultual Experiment Station |
| 300 ## - DESCRIPCIÓN FÍSICA | |
| Extensión | 32 p. |
| 440 ## - MENCIÓN DE SERIE/PUNTO DE ACCESO ADICIONAL--TÍTULO | |
| Título | Texas. Agr. Exp. Sta. Bull.; 356 |
| 9 (RLIN) | 168503 |
| 650 ## - PUNTO DE ACCESO ADICIONAL DE MATERIA--TÉRMINO DE MATERIA | |
| Término de materia o nombre geográfico como elemento de entrada | Psallus seriatus Algodón |
| Subdivisión general | Plagas |
| 9 (RLIN) | 168501 |
| 901 ## - ELEMENTOS DE DATOS A LOCAL LDA (RLIN) | |
| a | PA FOLLETO 1731 |
| 902 ## - ELEMENTOS DE DATOS B LOCAL, LDB (RLIN) | |
| a | A |
| 905 ## - ELEMENTOS DE DATOS E LOCAL, LDE (RLIN) | |
| a | 0000001927 BRY 0000000000 00 |
| 910 ## - DATOS DE OPCIÓN DEL USUARIO (OCLC) | |
| Datos de opción del usuario | 1927 |
| 942 ## - ELEMENTOS DE PUNTO DE ACCESO ADICIONAL (KOHA) | |
| Tipo de ítem Koha | Parasitologia_ |
| 942 ## - ELEMENTOS DE PUNTO DE ACCESO ADICIONAL (KOHA) | |
| Tipo de ítem Koha | Parasitologia_ |
| -- | 1 |
| Estado de retiro | Estado de pérdida | Fuente del sistema de clasificación o colocación | Estado dañado | No para préstamo | Código de colección | Localización permanente | Ubicación/localización actual | Ubicación en estantería | Fecha de adquisición | Información codificada de la localización en otra ubicación | Total de préstamos | Código de barras | Fecha visto por última vez | Precio válido a partir de | Tipo de ítem Koha | Nota pública |
|---|---|---|---|---|---|---|---|---|---|---|---|---|---|---|---|---|
| Clasificación Universidad Autónoma de Chapingo | Folletos | Parasitologia Agricola | Parasitologia Agricola | 27/10/2005 | PARA | PA_1820 | 25/01/2022 | 25/01/2022 | Folleto | 3 |
